Statistics for Top 20 countries by sugar consumption

Click here to take the quiz!

General Stats

  • This quiz has been taken 518 times
  • The average score is 16 of 20

Answer Stats

RankCountryGrams daily% Correct
1United States126.4
99%
7United Kingdom93.2
98%
10Canada89.1
95%
2Germany102.9
94%
5Australia95.6
90%
12Sweden86.1
88%
20Spain70.1
88%
8Mexico92.5
88%
13Norway83.1
86%
9Finland91.5
83%
3Netherlands102.5
83%
6Belgium95
82%
17Denmark75.1
82%
4Ireland96.7
81%
16Switzerland76.1
80%
11Austria88.1
80%
14New Zealand82.9
78%
18Argentina72.7
51%
19Czech Republic71.6
48%
15Saudi Arabia80.7
26%

Score Distribution

Percentile by Number Answered

Percent of People with Each Score

Your Score History

You have not taken this quiz